| 000 | 00749nam a2200253 i 4500 | ||
|---|---|---|---|
| 001 | 7458 | ||
| 003 | ES-MaACL | ||
| 005 | 20230906145235.0 | ||
| 007 | t| | ||
| 007 | t| | ||
| 008 | 910121s1989 sp a |||| | spa d | ||
| 020 | _a84-7490-222-3 | ||
| 080 | _a914.4+914.60 Camino de Santiago (036) | ||
| 100 | 1 |
_aRomero Pose, Eugenio. _999427 |
|
| 245 | 1 | 3 |
_aEl Camino de Santiago / _cEugenio Romero Pose. |
| 250 | _a1ª ed. | ||
| 260 |
_aMadrid : _bEncuentro, _c1989. |
||
| 300 |
_a95 p. : _bprincipalmente il. ; _c26 cm. |
||
| 490 | 1 | _aLa noche de los tiempos | |
| 650 | 4 |
_aCamino de Santiago- _vGuías turísticas. _9195452 |
|
| 830 | 0 |
_aLa noche de los tiempos _9227896 |
|
| 852 |
_aES-MaACL _jL-14711 _z. - cart. |
||
| 999 |
_c7458 _d7458 |
||